02915nam a22004337a 4500999001500000001000600015003000900021005001700030008004100047040002800088082002400116245002900140260005000169300003900219500004600258500006100304505001200365515058000377515008700957525004601044555002501090588005701115590003201172590003101204650003901235650003101274651001101305710002801316942001201344952012501356952012501481952012501606952012501731952012501856952012501981952012502106952012502231952012502356 c1866d186613623BD-DhUAP20200217115353.0200217s2009 ii ar w 0 a0eng c aMULbengcMULdBD-DhUAP 223 a348.54046 ALL 00aAll India reporter 2009. aNagpur, India :bAll India Reporter, cc2009. avolumes :billustrations ;c25 cm. aSome of the volumes have on spine: A.I.R. aIncludes also text of acts, articles, book reviews, etc. aV. 96-- aVols. 1-36, 1914-1949; vols. 86-, 1999-, issued in separate parts, called sections: Journal section, Acts section, Federal Court section, Privy Council section, Allahabad section, Assam section, Bombay section, Calcutta section, East Punjab section, Gujarat section, Lahore section, Madhya Pradesh section, Madras section, Mysore section, Nagpur section, Patna section, Punjab section, Supreme Court section. Beginning with v. 91 (2004), a new section: Supreme Court monthly digest, appears, this vol. lacks the All India reporter title; but has A.I.R. 2004 (v. 91) on spine. aIsssues for <2015-> also include: Evolution of law section, and: Hyderbad section. aSome sections include supplement volumes. aVol. 93 (2006). 1 v. aLatest issue consulted: Vol. 102 (2015) (surrogate). aSERBIB/SERLOC merged record aHoldings also in 3x5 file. 0aLaw reports, digests, etc.zIndia. 7aLaw reports, digests, etc. 7aIndia.2 aAll India Reporter Ltd. 2ddccBK 00102ddc4070aUAPCLbUAPCLcGeneral Stacksd2020-02-17o348.54046 ALL V-96p3010013623r2020-02-17t1w2020-02-17yBK 00102ddc4070aUAPCLbUAPCLcGeneral Stacksd2020-02-17o348.54046 ALL V-96p3010013625r2020-02-17t2w2020-02-17yBK 00102ddc4070aUAPCLbUAPCLcGeneral Stacksd2020-02-17o348.54046 ALL V-96p3010013622r2020-02-17t3w2020-02-17yBK 00102ddc4070aUAPCLbUAPCLcGeneral Stacksd2020-02-17o348.54046 ALL V-96p3010013628r2020-02-17t4w2020-02-17yBK 00102ddc4070aUAPCLbUAPCLcGeneral Stacksd2020-02-17o348.54046 ALL V-96p3010013626r2020-02-17t5w2020-02-17yBK 00102ddc4070aUAPCLbUAPCLcGeneral Stacksd2020-02-17o348.54046 ALL V-96p3010013627r2020-02-17t6w2020-02-17yBK 00102ddc4070aUAPCLbUAPCLcGeneral Stacksd2020-02-17o348.54046 ALL V-96p3010013624r2020-02-17t7w2020-02-17yBK 00102ddc4070aUAPCLbUAPCLcGeneral Stacksd2020-02-17o348.54046 ALL V-96p3010013630r2020-02-17t8w2020-02-17yBK 00102ddc4070aUAPCLbUAPCLcGeneral Stacksd2020-02-17o348.54046 ALL V-96p3010013629r2020-02-17t9w2020-02-17yBK